Loading...
| Science - Physics | 0 | 5 | 1 | 0 | 45 | 39 | 61.00 | 2 | 5 | 20.78 | 36.53 |
| Mythology | 0 | 3 | 0 | 0 | 30 | 81 | 97.67 | 0 | 2 | 6.12 | 19.72 |
| Religion | 0 | 3 | 0 | 0 | 30 | 53 | 86.67 | 1 | 1 | 6.84 | 16.67 |
| Science - Other | 0 | 3 | 1 | 0 | 25 | 63 | 78.67 | 1 | 3 | 7.74 | 22.22 |
| Literature - American | 0 | 2 | 0 | 0 | 20 | 60 | 62.00 | 0 | 1 | 9.36 | 10.97 |
| Literature - World | 0 | 1 | 0 | 0 | 10 | 62 | 62.00 | 1 | 1 | 4.17 | 8.33 |
| Other Academic | 0 | 1 | 0 | 0 | 10 | 92 | 92.00 | 0 | 0 | 7.34 | 23.33 |
| Popular Culture | 0 | 1 | 0 | 0 | 10 | 68 | 68.00 | 0 | 1 | 25.36 | 37.50 |
| Social Science | 0 | 1 | 0 | 1 | 10 | 100 | 100.00 | 0 | 0 | 0.00 | 0.69 |
| Fine Arts - Painting and Sculpture | 0 | 1 | 0 | 0 | 10 | 87 | 87.00 | 1 | 1 | 2.67 | 7.64 |
| History - European | 0 | 1 | 0 | 1 | 10 | 132 | 132.00 | 0 | 0 | 0.06 | 0.83 |
| Literature - British | 0 | 1 | 0 | 0 | 10 | 42 | 42.00 | 0 | 0 | 5.89 | 4.17 |
| Literature - European | 0 | 1 | 0 | 0 | 10 | 83 | 83.00 | 1 | 1 | 3.36 | 8.33 |
| Fine Arts - Classical Music | 0 | 1 | 0 | 0 | 10 | 100 | 100.00 | 0 | 0 | 2.16 | 5.00 |
| Science - Biology | 0 | 1 | 1 | 0 | 5 | 83 | 83.00 | 0 | 0 | 2.27 | 6.25 |
| Fine Arts - Other | 0 | 0 | 1 | 0 | -5 | 0.00 | 0 | 0 | 0.00 | 0.00 | |
| Science - Chemistry | 0 | 0 | 1 | 0 | -5 | 0.00 | 0 | 0 | 0.00 | 0.00 |